[Event "Paul Keres mem  (38th)"]
[Site "Richmond CAN"]
[Date "2013.05.19"]
[Round "4.10"]
[White "Doknjas, John"]
[Black "Daswani, Benedict"]
[Result "0-1"]
[WhiteElo "2094"]
[BlackElo "2000"]
[PlyCount "98"]
[GameId "2160767909356023"]
[EventDate "2013.05.18"]
[EventType "swiss"]
[EventRounds "6"]
[EventCountry "CAN"]

1. d4 Nf6 2. c4 c5 3. d5 e5 4. Nc3 d6 5. e4 Be7 6. Nf3 O-O 7. Be2 a6 8. a4 Ne8 9. O-O g6 10. Ne1 Bg5 11. Nd3 Bxc1 12. Qxc1 Nd7 13. g3 f5 14. f4 fxe4 15. Nxe4 exf4 16. Rxf4 Ndf6 17. Nxf6+ Nxf6 18. Qe3 Bf5 19. Rxf5 gxf5 20. Nf4 Ne4 21. Ne6 Qf6 22. Nxf8 Qxb2 23. Rf1 Rxf8 24. Bd3 Qd2 25. Qxd2 Nxd2 26. Rf2 Nb3 27. Bxf5 Kg7 28. Bc2 Rxf2 29. Kxf2 Nd4 30. Bd3 h6 31. Ke3 Kf6 32. Kf4 Nb3 33. Kg4 Nc1 34. Bf1 Na2 35. Kf4 Nc3 36. a5 Nb1 37. g4 Nd2 38. Bd3 Nb3 39. h4 Nxa5 40. g5+ hxg5+ 41. hxg5+ Ke7 42. Kf5 b5 43. cxb5 axb5 44. Bxb5 Nb3 45. Kg6 Nd4 46. Kh7 Nxb5 47. g6 Nc7 48. g7 Nxd5 49. g8=N+ Ke6 0-1

[Event "Paul Keres mem  (38th)"]
[Site "Richmond CAN"]
[Date "2013.05.20"]
[Round "5.1"]
[White "Yoos, John"]
[Black "Orlov, Georgi"]
[Result "1/2-1/2"]
[WhiteElo "2382"]
[BlackElo "2520"]
[PlyCount "56"]
[GameId "2160767909356024"]
[EventDate "2013.05.18"]
[EventType "swiss"]
[EventRounds "6"]
[EventCountry "CAN"]

1. e4 c5 2. Nf3 e6 3. d4 cxd4 4. Nxd4 a6 5. Bd3 Nf6 6. Qe2 d6 7. O-O Qc7 8. c4 b6 9. b3 Bb7 10. Bb2 Nc6 11. Nxc6 Bxc6 12. Nc3 Be7 13. Rae1 Bb7 14. f4 O-O 15. Kh1 Nd7 16. Bb1 Bf6 17. e5 dxe5 18. Ne4 Bxe4 19. Qxe4 g6 20. fxe5 Bg7 21. h4 Nc5 22. Qf4 Rfd8 23. Bd4 a5 24. Bc2 Rd7 25. Rd1 Rad8 26. Qe3 Bh6 27. Qf2 Bg7 28. Rfe1 Rb8 1/2-1/2

[Event "Paul Keres mem  (38th)"]
[Site "Richmond CAN"]
[Date "2013.05.20"]
[Round "5.2"]
[White "Pechisker, Alfred"]
[Black "Lo, Ryan"]
[Result "1/2-1/2"]
[WhiteElo "2275"]
[BlackElo "2156"]
[PlyCount "120"]
[GameId "2160767909356025"]
[EventDate "2013.05.18"]
[EventType "swiss"]
[EventRounds "6"]
[EventCountry "CAN"]

1. d4 Nf6 2. c4 g6 3. Nc3 d5 4. Bg5 Ne4 5. Bf4 Nxc3 6. bxc3 dxc4 7. e3 Be6 8. Rb1 b6 9. Nf3 c6 10. Ng5 Qc8 11. Nxe6 Qxe6 12. Be5 f6 13. Bxb8 Rxb8 14. Qa4 b5 15. Qxa7 Qc8 16. Bxc4 Ra8 17. Be6 Rxa7 18. Bxc8 Kf7 19. Bg4 e6 20. O-O Be7 21. Rb2 Rc8 22. Bd1 Ra3 23. Bb3 c5 24. Rfb1 c4 25. Bd1 Rxc3 26. Rxb5 Rd3 27. Kf1 c3 28. R5b3 Rd2 29. Rc1 Rxa2 30. Rcxc3 Rxc3 31. Rxc3 Ra6 32. Bb3 Rb6 33. Ke2 h5 34. e4 h4 35. f4 Ke8 36. g4 Kd7 37. e5 fxe5 38. dxe5 Rb4 39. Ke3 Bd8 40. h3 Bb6+ 41. Kf3 g5 42. Bc4 Ke7 43. Rc2 gxf4 44. Kxf4 Bg1 45. Kg5 Bd4 46. Kxh4 Bxe5 47. Kg5 Rb2 48. Rxb2 Bxb2 49. h4 Bf6+ 50. Kh5 Kf8 51. g5 Bc3 52. Kg6 Kg8 53. Bxe6+ Kh8 54. Kf7 Be1 55. h5 Bd2 56. g6 Bh6 57. Kf6 Bf8 58. Kg5 Be7+ 59. Kf5 Bf8 60. Bf7 Bh6 1/2-1/2

[Event "Paul Keres mem  (38th)"]
[Site "Richmond CAN"]
[Date "2013.05.20"]
[Round "5.5"]
[White "Kolbus, Dietmar"]
[Black "Kenney, Jason"]
[Result "1-0"]
[WhiteElo "2356"]
[BlackElo "2192"]
[PlyCount "115"]
[GameId "2160767909356027"]
[EventDate "2013.05.18"]
[EventType "swiss"]
[EventRounds "6"]
[EventCountry "CAN"]

1. c4 c5 2. Nf3 Nc6 3. d4 cxd4 4. Nxd4 e6 5. a3 Qc7 6. Nb5 Qb8 7. e4 Nf6 8. N5c3 Be7 9. Be3 Ne5 10. Be2 d6 11. Nd2 b6 12. f4 Ned7 13. g4 O-O 14. g5 Ne8 15. Qc2 a6 16. h4 Nc7 17. O-O Bb7 18. Rf2 d5 19. e5 dxc4 20. Bxc4 b5 21. Bd3 g6 22. Nde4 Rd8 23. Nf6+ Bxf6 24. gxf6 Nf8 25. Rd1 Ne8 26. Kh2 Rd7 27. Kg3 Qd8 28. Rfd2 Rc8 29. Be2 Qc7 30. Bf3 Bxf3 31. Kxf3 Rcd8 32. Qe4 Rxd2 33. Rxd2 Rc8 34. Kg3 h5 35. Qd4 Qc6 36. Qe4 Qc7 37. Rd1 Rb8 38. Qd4 Qb7 39. Qa7 Qc8 40. Rc1 Ra8 41. Qc5 Qb7 42. Qb6 Qc8 43. Nxb5 Qd7 44. Nc3 Qd3 45. Qd4 Qf5 46. Rh1 Nc7 47. Qe4 Qg4+ 48. Kf2 Nd5 49. Qf3 Qf5 50. Qe4 Qg4 51. Qf3 Qf5 52. Ne4 Rb8 53. b4 a5 54. Rg1 Nh7 55. Bd2 axb4 56. axb4 Rc8 57. Kg3 Rc4 58. Nd6 1-0

[Event "Paul Keres mem  (38th)"]
[Site "Richmond CAN"]
[Date "2013.05.20"]
[Round "5.6"]
[White "Daswani, Benedict"]
[Black "Jiganchine, Roman"]
[Result "0-1"]
[WhiteElo "2000"]
[BlackElo "2217"]
[PlyCount "52"]
[GameId "2160767909356028"]
[EventDate "2013.05.18"]
[EventType "swiss"]
[EventRounds "6"]
[EventCountry "CAN"]

1. g3 d5 2. d3 c5 3. Nf3 Nc6 4. Bg2 e5 5. c4 d4 6. a3 Nf6 7. O-O Bd6 8. b4 cxb4 9. axb4 Nxb4 10. c5 Bxc5 11. Nxe5 O-O 12. Nd2 Qe7 13. Ndc4 Nfd5 14. Ba3 Be6 15. Qd2 a5 16. e3 b5 17. exd4 Bxd4 18. Nc6 Qc5 19. Nxd4 Qxd4 20. Ne3 Rad8 21. Nxd5 Bxd5 22. Bb2 Qxd3 23. Qg5 f6 24. Qg4 Bxg2 25. Bxf6 Qd7 26. Qh4 Bxf1 0-1

[Event "Paul Keres mem  (38th)"]
[Site "Richmond CAN"]
[Date "2013.05.20"]
[Round "5.7"]
[White "Villavieja, Butch"]
[Black "Patterson, Roger"]
[Result "1-0"]
[WhiteElo "2293"]
[BlackElo "2035"]
[PlyCount "77"]
[GameId "2160767909356029"]
[EventDate "2013.05.18"]
[EventType "swiss"]
[EventRounds "6"]
[EventCountry "CAN"]

1. e4 e5 2. Nf3 Nc6 3. d4 exd4 4. Nxd4 Bc5 5. Be3 Qf6 6. c3 Nge7 7. Bc4 Bb6 8. O-O O-O 9. f4 d5 10. e5 Qg6 11. Bd3 f5 12. Be2 Nxd4 13. cxd4 Bd7 14. Nc3 Rac8 15. b4 a5 16. a3 axb4 17. axb4 Ra8 18. Qb3 Qf7 19. Bf3 Be6 20. Kh1 Kh8 21. Rfc1 Rxa1 22. Rxa1 Rd8 23. Bf2 Nc6 24. Ne2 Qe7 25. Rb1 Qd7 26. h3 Ra8 27. b5 Na5 28. Qa2 Rc8 29. Nc3 Nc4 30. Rc1 c6 31. bxc6 bxc6 32. Qa6 Qa7 33. Qxa7 Bxa7 34. Ra1 Rc7 35. Ra6 Kg8 36. g4 Kf7 37. gxf5 Bxf5 38. Rxc6 Rxc6 39. Bxd5+ 1-0

[Event "Paul Keres mem  (38th)"]
[Site "Richmond CAN"]
[Date "2013.05.20"]
[Round "5.8"]
[White "Wu, Ruining (Ray)"]
[Black "Sanetullaev, Alisher"]
[Result "1-0"]
[WhiteElo "2015"]
[BlackElo "2163"]
[PlyCount "97"]
[GameId "2160767909356030"]
[EventDate "2013.05.18"]
[EventType "swiss"]
[EventRounds "6"]
[EventCountry "CAN"]

1. d4 Nf6 2. c4 c5 3. d5 b5 4. cxb5 a6 5. bxa6 g6 6. g3 d6 7. Bg2 Bg7 8. Nc3 Bxa6 9. Nf3 Nbd7 10. O-O O-O 11. Rb1 Nb6 12. b3 Qc7 13. Bb2 Rfb8 14. Qd2 Qb7 15. Rfd1 Nbd7 16. h3 Qa7 17. e4 Rb4 18. Qe3 Rab8 19. Bf1 Bxf1 20. Rxf1 Qa6 21. Rfd1 Ne8 22. Ne1 R4b7 23. Nc2 Nc7 24. Kg2 Qa8 25. Ra1 Na6 26. Na4 Nb4 27. Nxb4 Rxb4 28. Bxg7 Kxg7 29. Nb2 Qb7 30. Nc4 Kg8 31. Na5 Qa8 32. Nc6 Nf6 33. f3 R8b7 34. Nxb4 Rxb4 35. a3 Rb6 36. Rdb1 Qb7 37. Qc3 Ne8 38. Ra2 Nc7 39. b4 Nb5 40. Qc4 Nd4 41. a4 Qa7 42. Rbb2 Ra6 43. a5 h5 44. b5 Rxa5 45. Rxa5 Qxa5 46. b6 Qa3 47. Rf2 Qa8 48. Ra2 Qb8 49. Qa6 1-0

[Event "Paul Keres mem  (38th)"]
[Site "Richmond CAN"]
[Date "2013.05.20"]
[Round "5.9"]
[White "Bates, Darren"]
[Black "Herdin, Matthew"]
[Result "0-1"]
[WhiteElo "1824"]
[BlackElo "2128"]
[PlyCount "80"]
[GameId "2160767909356031"]
[EventDate "2013.05.18"]
[EventType "swiss"]
[EventRounds "6"]
[EventCountry "CAN"]

1. e4 e5 2. Nf3 Nc6 3. c3 Nf6 4. d4 exd4 5. e5 Nd5 6. Bb5 Be7 7. O-O a6 8. Bxc6 dxc6 9. Nxd4 c5 10. Nc2 Be6 11. f4 Qd7 12. c4 Nb4 13. Qxd7+ Kxd7 14. Ne3 Bxc4 15. Nxc4 Nc2 16. Nba3 Nxa1 17. Be3 b5 18. Rxa1 bxc4 19. Nxc4 Kc6 20. Kf1 a5 21. a4 Rhb8 22. Bd2 Kd5 23. Rc1 f6 24. Ne3+ Ke6 25. Bc3 fxe5 26. fxe5 Bg5 27. Ke2 c4 28. Rd1 Bxe3 29. Kxe3 Rd8 30. Rd4 Rxd4 31. Kxd4 Rf8 32. Kxc4 Rf2 33. Kb5 Rxg2 34. Kxa5 Rxh2 35. Kb5 Rh1 36. Kc6 h5 37. a5 h4 38. Kb7 h3 39. a6 h2 40. b4 Rc1 0-1

[Event "Paul Keres mem  (38th)"]
[Site "Richmond CAN"]
[Date "2013.05.20"]
[Round "5.10"]
[White "Lin, Alex"]
[Black "Beaudry, Lukas"]
[Result "1/2-1/2"]
[WhiteElo "1774"]
[BlackElo "2117"]
[PlyCount "106"]
[GameId "2160767909356032"]
[EventDate "2013.05.18"]
[EventType "swiss"]
[EventRounds "6"]
[EventCountry "CAN"]

1. e4 c5 2. c3 d6 3. d4 Nf6 4. Bd3 Qc7 5. Nf3 g6 6. h3 Nbd7 7. O-O Bg7 8. Na3 O-O 9. Be3 b6 10. Nb5 Qb8 11. Qd2 Bb7 12. d5 c4 13. Bc2 Nc5 14. Bxc5 bxc5 15. Na3 Ba6 16. Rab1 Nd7 17. Qe2 Nb6 18. Nd2 e6 19. Ndxc4 exd5 20. exd5 Nxd5 21. Qf3 Nf6 22. Qc6 Bxc4 23. Nxc4 d5 24. Nd2 Qf4 25. Rfd1 Rfc8 26. Qa4 Qc7 27. Nf3 Rab8 28. Bd3 Rb6 29. Qc2 Rd8 30. Rd2 Nh5 31. Bf1 Rf6 32. Rbd1 Rfd6 33. g3 Nf6 34. Bg2 Qa5 35. a3 Qb6 36. Ne5 Nh5 37. Nf3 d4 38. Bf1 Bh6 39. Rd3 Ng7 40. Ne5 Rd5 41. f4 Nf5 42. Nc4 Qc7 43. g4 Ne7 44. Bg2 R5d7 45. Ne5 Rd6 46. g5 Bg7 47. cxd4 Nf5 48. Qxc5 Qb8 49. Nc6 Rxc6 50. Qxc6 Bxd4+ 51. Kh1 Qxf4 52. Qf3 Qxg5 53. Qg4 Qe7 1/2-1/2

[Event "Paul Keres mem  (38th)"]
[Site "Richmond CAN"]
[Date "2013.05.20"]
[Round "6.1"]
[White "Orlov, Georgi"]
[Black "Pechisker, Alfred"]
[Result "1-0"]
[WhiteElo "2520"]
[BlackElo "2275"]
[PlyCount "59"]
[GameId "2160767909356033"]
[EventDate "2013.05.18"]
[EventType "swiss"]
[EventRounds "6"]
[EventCountry "CAN"]

1. d4 Nf6 2. Nf3 g6 3. c4 Bg7 4. Nc3 O-O 5. e4 d6 6. Be2 c5 7. O-O Na6 8. d5 Nc7 9. Bf4 a6 10. a4 b6 11. h3 Bd7 12. Qd2 Rb8 13. e5 Nfe8 14. Ne4 Bf5 15. Ng3 Bd7 16. Bh6 b5 17. axb5 axb5 18. Bxg7 Kxg7 19. b3 Rb6 20. Qc3 Kg8 21. Qe3 Kg7 22. Bd3 bxc4 23. bxc4 Rb3 24. Nh5+ Kg8 25. Qh6 f6 26. Bxg6 hxg6 27. Qxg6+ Kh8 28. Nh4 fxe5 29. Qh6+ Kg8 30. Ng6 1-0

[Event "Paul Keres mem  (38th)"]
[Site "Richmond CAN"]
[Date "2013.05.20"]
[Round "6.3"]
[White "Cheng, Jack"]
[Black "Lo, Ryan"]
[Result "1-0"]
[WhiteElo "2237"]
[BlackElo "2156"]
[PlyCount "155"]
[GameId "2160767909356035"]
[EventDate "2013.05.18"]
[EventType "swiss"]
[EventRounds "6"]
[EventCountry "CAN"]

1. e4 c5 2. Nf3 e6 3. d4 cxd4 4. Nxd4 a6 5. Nc3 Qc7 6. Be2 Nf6 7. O-O d6 8. f4 Be7 9. Kh1 b5 10. e5 dxe5 11. fxe5 Qxe5 12. Bf4 Qc5 13. Bf3 e5 14. Bxa8 exf4 15. Rxf4 O-O 16. Nf3 Ng4 17. Qd4 Rd8 18. Nd5 Bd6 19. Rxg4 Bxg4 20. Qxg4 Nd7 21. Bb7 Qxc2 22. Re1 Nc5 23. Nf6+ Kh8 24. Be4 Nxe4 25. Nxe4 Bb4 26. Rg1 Be7 27. Nfg5 Bxg5 28. Nxg5 Qg6 29. Qf4 f6 30. Ne6 Rc8 31. h3 h6 32. Qd6 Re8 33. Qxa6 Qf7 34. Nd4 b4 35. Qd6 Qxa2 36. Qxb4 Qd5 37. Qc3 f5 38. b4 Re4 39. Qc8+ Kh7 40. Qxf5+ Qxf5 41. Nxf5 Rxb4 42. Re1 Kg6 43. Ne7+ Kf7 44. Nd5 Rd4 45. Re7+ Kf8 46. Re5 Rd2 47. Kh2 Kf7 48. Kg3 g5 49. Ne3 Rd6 50. Nd5 Kg6 51. Ne3 Ra6 52. Kf3 h5 53. Rd5 h4 54. Nc4 Ra4 55. Rd6+ Kh7 56. Ne5 Ra5 57. Ng4 Ra3+ 58. Ke4 Ra2 59. Kf5 Rxg2 60. Rd7+ Kg8 61. Kxg5 Rg3 62. Kxh4 Rf3 63. Re7 Ra3 64. Re3 Ra5 65. Ne5 Kg7 66. Kg5 Ra1 67. h4 Ra5 68. Re4 Rb5 69. Kg4 Ra5 70. Nf3 Ra7 71. Ng5 Ra8 72. Re7+ Kh8 73. Kh5 Rb8 74. Kg6 Ra8 75. Rh7+ Kg8 76. Rg7+ Kf8 77. Ne6+ Ke8 78. Nc7+ 1-0

[Event "Paul Keres mem  (38th)"]
[Site "Richmond CAN"]
[Date "2013.05.20"]
[Round "6.4"]
[White "Jiganchine, Roman"]
[Black "Kolbus, Dietmar"]
[Result "1/2-1/2"]
[WhiteElo "2217"]
[BlackElo "2356"]
[PlyCount "89"]
[GameId "2160767909356036"]
[EventDate "2013.05.18"]
[EventType "swiss"]
[EventRounds "6"]
[EventCountry "CAN"]

1. e4 c5 2. Nf3 e6 3. d4 cxd4 4. Nxd4 Nf6 5. Nc3 d6 6. Be2 Nc6 7. Be3 Be7 8. O-O O-O 9. f4 Bd7 10. Nb3 Na5 11. e5 Ne8 12. Kh1 Qc7 13. Bd4 Bc6 14. Qe1 Nxb3 15. axb3 a6 16. Bf3 Rd8 17. Qf2 Rd7 18. Ne4 Bxe4 19. Bxe4 g6 20. Rae1 Ng7 21. c3 f6 22. exf6 Bxf6 23. Bb6 Qc8 24. Bf3 Bd8 25. Bd4 Bf6 26. Bb6 Bd8 27. Bd4 Bf6 28. Bb6 Rdf7 29. Qd2 Bd8 30. Qxd6 Rd7 31. Qb4 Bxb6 32. Qxb6 Rxf4 33. Rd1 Rff7 34. Rfe1 Qc7 35. Qe3 Rxd1 36. Rxd1 Re7 37. Qg5 Rd7 38. Rxd7 Qxd7 39. Qe5 Qd8 40. b4 b6 41. h3 Kf7 42. Qf4+ Kg8 43. Qe5 Kf7 44. Qf4+ Kg8 45. Qe5 1/2-1/2

[Event "Paul Keres mem  (38th)"]
[Site "Richmond CAN"]
[Date "2013.05.20"]
[Round "6.5"]
[White "Herdin, Matthew"]
[Black "Villavieja, Butch"]
[Result "1-0"]
[WhiteElo "2128"]
[BlackElo "2293"]
[PlyCount "47"]
[GameId "2160767909356037"]
[EventDate "2013.05.18"]
[EventType "swiss"]
[EventRounds "6"]
[EventCountry "CAN"]

1. e4 c5 2. Nf3 d6 3. d4 cxd4 4. Nxd4 Nf6 5. Nc3 g6 6. Be3 Bg7 7. f3 Nc6 8. Qd2 O-O 9. Bc4 Bd7 10. O-O-O Rb8 11. h4 Ne5 12. Bb3 b5 13. Bh6 Nc4 14. Qg5 Be6 15. h5 Bxh6 16. Qxh6 Qc8 17. Nd5 Bxd5 18. exd5 Nxh5 19. g4 Nf6 20. g5 Nh5 21. Rxh5 gxh5 22. Rh1 Re8 23. Rxh5 e6 24. Nc6 1-0

[Event "Paul Keres mem  (38th)"]
[Site "Richmond CAN"]
[Date "2013.05.20"]
[Round "6.6"]
[White "Wu, Ruining (Ray)"]
[Black "Wu, Howard"]
[Result "1/2-1/2"]
[WhiteElo "2015"]
[BlackElo "2255"]
[PlyCount "155"]
[GameId "2160767909356038"]
[EventDate "2013.05.18"]
[EventType "swiss"]
[EventRounds "6"]
[EventCountry "CAN"]

1. d4 Nf6 2. c4 c5 3. d5 b5 4. cxb5 a6 5. bxa6 Bxa6 6. Nc3 g6 7. g3 d6 8. Bg2 Bg7 9. Nf3 O-O 10. O-O Nbd7 11. Rb1 Ng4 12. Qc2 Nge5 13. Nxe5 Nxe5 14. b3 Qa5 15. Ne4 Rfb8 16. Bd2 Qa3 17. Bc1 Qa5 18. Bd2 Qb6 19. Bc3 h6 20. b4 cxb4 21. Rxb4 Qc7 22. Rxb8+ Rxb8 23. Rc1 f5 24. Bxe5 Qxc2 25. Rxc2 Bxe5 26. Nd2 Bxe2 27. Bf1 Bd1 28. Rc1 Ba4 29. Rc4 Ra8 30. Rc7 Bf6 31. Bc4 Bd1 32. Rc6 Bc3 33. Nf1 Rb8 34. Ba6 Bd4 35. Rc8+ Rxc8 36. Bxc8 Bf3 37. Be6+ Kg7 38. Nd2 Be2 39. Bd7 Kf6 40. Kg2 Ke5 41. Bc6 Bc3 42. f4+ Kd4 43. Nb3+ Ke4 44. Kf2 Bc4 45. Be8 g5 46. fxg5 hxg5 47. h4 gxh4 48. gxh4 Bxd5 49. h5 Bg7 50. Bg6 e6 51. Ke2 Bh6 52. Nd2+ Kd4 53. a4 Kc3 54. Nf3 Bc4+ 55. Kf2 Kb4 56. Be8 e5 57. Nh4 Be6 58. Bg6 f4 59. Nf5 Bxf5 60. Bxf5 Kxa4 61. Be6 Kb4 62. Kf3 Kc3 63. Ke4 Kd2 64. Bc4 Ke1 65. Kf3 Kd2 66. Ke4 f3 67. Kxf3 Kc3 68. Bf7 Kd4 69. Ke2 d5 70. Be8 e4 71. Bc6 Ke5 72. Bb7 d4 73. Ba6 Kf4 74. Bb5 Kg4 75. Ba6 Kxh5 76. Bb7 d3+ 77. Kd1 e3 78. Ba6 1/2-1/2

[Event "Paul Keres mem  (38th)"]
[Site "Richmond CAN"]
[Date "2013.05.20"]
[Round "6.7"]
[White "Botez, Alexandra"]
[Black "Daswani, Benedict"]
[Result "1-0"]
[WhiteElo "2038"]
[BlackElo "2000"]
[PlyCount "84"]
[GameId "2160767909356039"]
[EventDate "2013.05.18"]
[EventType "swiss"]
[EventRounds "6"]
[EventCountry "CAN"]

1. d4 Nf6 2. c4 c5 3. d5 e5 4. Nf3 d6 5. Bg5 Be7 6. Nc3 O-O 7. Qc2 a6 8. h4 Qa5 9. Bxf6 Bxf6 10. Ng5 g6 11. e3 Bd7 12. Nge4 Be7 13. h5 b5 14. hxg6 fxg6 15. Nd2 b4 16. Nce4 Bf5 17. Bd3 Nd7 18. f3 Kg7 19. a4 Qd8 20. O-O-O Bxe4 21. Nxe4 b3 22. Qxb3 Rb8 23. Qc3 Rb4 24. b3 Qa5 25. Bc2 Rfb8 26. Kd2 Qd8 27. Rh3 Nf8 28. Rdh1 Qd7 29. Qd3 Qe8 30. Rg3 R4b7 31. f4 Qf7 32. Rf1 Qg8 33. f5 Kh8 34. f6 Bd8 35. Nxd6 Rd7 36. f7 Qg7 37. Ne8 Qh6 38. Qc3 Re7 39. Bxg6 Nxg6 40. Rxg6 hxg6 41. f8=Q+ Qxf8 42. Rxf8+ Kh7 1-0

[Event "Paul Keres mem  (38th)"]
[Site "Richmond CAN"]
[Date "2013.05.20"]
[Round "6.8"]
[White "Kriventsov, Stanislav"]
[Black "Lin, Alex"]
[Result "1-0"]
[WhiteElo "2289"]
[BlackElo "1774"]
[PlyCount "67"]
[GameId "2160767909356040"]
[EventDate "2013.05.18"]
[EventType "swiss"]
[EventRounds "6"]
[EventCountry "CAN"]

1. e4 e5 2. Nf3 Nc6 3. Bb5 a6 4. Ba4 Nf6 5. O-O Be7 6. Re1 b5 7. Bb3 d6 8. c3 O-O 9. h3 h6 10. d4 exd4 11. cxd4 Bb7 12. a4 Re8 13. Nc3 b4 14. Nd5 Na5 15. Ba2 Nxd5 16. exd5 Rb8 17. Qd3 Bf8 18. Bd2 c5 19. dxc6 Nxc6 20. Bxh6 gxh6 21. Qg6+ Kh8 22. Bxf7 Rxe1+ 23. Rxe1 Bg7 24. Re8+ Qxe8 25. Bxe8 Ne7 26. Qf7 Ng8 27. Qc7 Rxe8 28. Qxb7 Re7 29. Qxa6 d5 30. Qb5 Nf6 31. a5 Bf8 32. Ne5 Kg7 33. a6 Rc7 34. Nc6 1-0

[Event "Paul Keres mem  (38th)"]
[Site "Richmond CAN"]
[Date "2013.05.20"]
[Round "6.9"]
[White "Kenney, Jason"]
[Black "Xiao, Alice"]
[Result "1/2-1/2"]
[WhiteElo "2192"]
[BlackElo "1885"]
[PlyCount "57"]
[GameId "2160767909356041"]
[EventDate "2013.05.18"]
[EventType "swiss"]
[EventRounds "6"]
[EventCountry "CAN"]

1. c4 c5 2. g3 Nc6 3. Bg2 g6 4. Nc3 Bg7 5. a3 Nf6 6. e4 O-O 7. Nge2 d6 8. Rb1 Be6 9. d3 Qc8 10. h3 Ne8 11. Nd5 f5 12. exf5 Bxf5 13. b4 e6 14. Ne3 cxb4 15. Nxf5 Rxf5 16. axb4 Nxb4 17. O-O Nc6 18. Nf4 Nc7 19. Qb3 Nd8 20. Bb2 Qd7 21. Qa3 e5 22. Nd5 Nxd5 23. Bxd5+ Kh8 24. Bc1 Nc6 25. Be3 Rff8 26. Qa4 Rac8 27. h4 b6 28. Rb3 Rc7 29. Bxc6 1/2-1/2

[Event "Paul Keres mem  (38th)"]
[Site "Richmond CAN"]
[Date "2013.05.20"]
[Round "6.10"]
[White "Beaudry, Lukas"]
[Black "Yu, Robin"]
[Result "1/2-1/2"]
[WhiteElo "2117"]
[BlackElo "1649"]
[PlyCount "95"]
[GameId "2160767909356042"]
[EventDate "2013.05.18"]
[EventType "swiss"]
[EventRounds "6"]
[EventCountry "CAN"]

1. e4 Nf6 2. e5 Nd5 3. d4 d6 4. c4 Nb6 5. f4 dxe5 6. fxe5 Nc6 7. Be3 Bf5 8. a3 e6 9. Nc3 Be7 10. Nf3 f6 11. Nh4 fxe5 12. Nxf5 exf5 13. d5 Nd4 14. Bxd4 exd4 15. Qxd4 Bf6 16. Qd3 O-O 17. Be2 Nd7 18. O-O g6 19. Rad1 Bg7 20. Rfe1 Qh4 21. Nb5 Ne5 22. Qc2 Rf7 23. c5 c6 24. Nd6 Rd7 25. dxc6 bxc6 26. Qb3+ Kf8 27. g3 Qd8 28. Rf1 Rb8 29. Qa2 Qa5 30. Ne4 Rxd1 31. Bxd1 Ke7 32. b4 Rxb4 33. Qd2 Rb5 34. Qd6+ Ke8 35. Qe6+ Kf8 36. Ng5 Bh6 37. Nxh7+ Kg7 38. Qe7+ Nf7 39. Nf8 Qd2 40. Ne6+ Kh8 41. Qf8+ Kh7 42. Qxf7+ Kh8 43. Qxg6 Rb2 44. Be2 Qe3+ 45. Kh1 Rxe2 46. Qf6+ Kg8 47. Qg6+ Kh8 48. Qf6+ 1/2-1/2

[Event "Pere Noel"]
[Site "Montreal CAN"]
[Date "2013.12.26"]
[Round "1"]
[White "Chang, Michael"]
[Black "Nikulich, Oleksandr"]
[Result "1-0"]
[WhiteElo "1792"]
[BlackElo "2085"]
[PlyCount "55"]
[GameId "2160767909212146"]
[EventDate "2013.12.26"]
[EventType "swiss"]
[EventRounds "5"]
[EventCountry "CAN"]
[SourceTitle "hb 2013"]

1. e4 e5 2. Nf3 Nc6 3. d4 exd4 4. Nxd4 Nf6 5. Nc3 Bb4 6. Nxc6 bxc6 7. Bd3 d5 8. exd5 cxd5 9. O-O O-O 10. h3 c6 11. Qf3 h6 12. Ne2 Re8 13. c3 Bf8 14. Ng3 Kh8 15. Be3 g6 16. Bd4 Bg7 17. Rfe1 Be6 18. Re2 Nh7 19. Rae1 Qd6 20. h4 Bxd4 21. cxd4 Kg7 22. Bb1 Nf6 23. Qd3 Qf4 24. h5 gxh5 25. Qh7+ Kf8 26. Qh8+ Ke7 27. Nf5+ Kd7 28. Qxf6 1-0

[Event "Pere Noel"]
[Site "Montreal CAN"]
[Date "2013.12.26"]
[Round "1"]
[White "Heredia, Jose"]
[Black "Prahov, Valentin"]
[Result "0-1"]
[WhiteElo "1846"]
[BlackElo "2205"]
[PlyCount "90"]
[GameId "2160767909212148"]
[EventDate "2013.12.26"]
[EventType "swiss"]
[EventRounds "5"]
[EventCountry "CAN"]
[SourceTitle "CBM 158 Extra"]
[Source "ChessBase"]
[SourceDate "2014.02.28"]
[SourceVersion "1"]
[SourceVersionDate "2014.02.28"]
[SourceQuality "1"]

1. e4 c5 2. Nc3 e6 3. f4 Nc6 4. Nf3 d5 5. exd5 exd5 6. Bb5 Nf6 7. Ne5 Bd7 8. Bxc6 Bxc6 9. Nxc6 bxc6 10. O-O Be7 11. Qf3 O-O 12. b3 Re8 13. d3 c4 14. d4 Bb4 15. Ne2 Qe7 16. Ng3 Ne4 17. Nxe4 Qxe4 18. c3 Ba5 19. b4 Bc7 20. Qxe4 Rxe4 21. Bd2 Rae8 22. g3 f5 23. a4 a5 24. Rfe1 axb4 25. cxb4 Bb6 26. Rxe4 Rxe4 27. Bc3 Rxd4 28. Kf1 Rd3 29. Be5 Rb3 30. a5 Ba7 31. Bd6 Kf7 32. Ra2 Ke6 33. Bf8 d4 34. Re2+ Kf7 35. Bc5 Bxc5 36. bxc5 Ra3 37. Rc2 c3 38. Ke2 Ke6 39. Kd3 Kd5 40. Re2 c2+ 41. Kd2 d3 42. Re1 Kc4 43. h3 Rxa5 44. g4 g6 45. Rg1 Rb5 0-1

[Event "Pere Noel"]
[Site "Montreal CAN"]
[Date "2013.12.26"]
[Round "1"]
[White "Larochelle, Martial"]
[Black "Gueorguiev, Valentin"]
[Result "1/2-1/2"]
[WhiteElo "2210"]
[BlackElo "1848"]
[PlyCount "87"]
[GameId "2160767909212150"]
[EventDate "2013.12.26"]
[EventType "swiss"]
[EventRounds "5"]
[EventCountry "CAN"]
[SourceTitle "hb 2013"]

1. d4 g6 2. e4 Bg7 3. Nf3 c5 4. dxc5 Qa5+ 5. c3 Qxc5 6. Na3 Nc6 7. Nc4 Nf6 8. Be3 Qh5 9. Be2 Ng4 10. Bf4 Qc5 11. O-O Nce5 12. Nfxe5 Nxe5 13. Nxe5 Bxe5 14. Bxe5 Qxe5 15. Qd4 Qxd4 16. cxd4 d6 17. Rfc1 Bd7 18. Rc3 Rc8 19. Rxc8+ Bxc8 20. Bb5+ Bd7 21. Rc1 Kd8 22. Bxd7 Kxd7 23. Kf1 h5 24. Ke2 Rc8 25. Rxc8 Kxc8 26. Ke3 Kd7 27. h4 f6 28. Kd3 e6 29. f4 f5 30. exf5 gxf5 31. Kc4 Kc6 32. d5+ exd5+ 33. Kd4 a5 34. a4 Kd7 35. Kxd5 Ke7 36. Kc4 Ke6 37. Kd4 d5 38. Kc5 b6+ 39. Kb5 Kd6 40. b3 Ke6 41. b4 axb4 42. Kxb4 Kd6 43. Kb5 Ke6 44. Kb4 1/2-1/2

[Event "Pere Noel"]
[Site "Montreal CAN"]
[Date "2013.12.26"]
[Round "1"]
[White "Leveille, Francois"]
[Black "Nunez, Omar"]
[Result "0-1"]
[WhiteElo "2358"]
[BlackElo "1945"]
[PlyCount "116"]
[GameId "2160767909212151"]
[EventDate "2013.12.26"]
[EventType "swiss"]
[EventRounds "5"]
[EventCountry "CAN"]
[SourceTitle "hb 2013"]

1. e4 d6 2. d4 Nf6 3. f3 g6 4. Be3 Bg7 5. Qd2 O-O 6. Nc3 Nc6 7. Nge2 Re8 8. O-O-O Rb8 9. Bh6 Bh8 10. h4 e5 11. d5 Nd4 12. Be3 c5 13. dxc6 bxc6 14. Nxd4 exd4 15. Bxd4 Qa5 16. Qg5 Qb4 17. Bxf6 Re5 18. Qxe5 Qxb2+ 19. Kd2 dxe5 20. Bg5 Qb6 21. Bd3 Be6 22. Rb1 Qc7 23. Rxb8+ Qxb8 24. Rb1 Qc7 25. a4 h5 26. Be3 Bf6 27. g3 Kg7 28. a5 Be7 29. a6 Bc8 30. Rb2 Qa5 31. Ra2 Qc7 32. Ra4 Be6 33. Ke2 Bc8 34. Nb1 Qd7 35. Nd2 Qc7 36. Ra1 Bb4 37. Ra4 c5 38. Bc4 Qd7 39. Ra2 Qh3 40. Nf1 Qg2+ 41. Bf2 Bc3 42. Ne3 Qh1 43. Ra3 Bd4 44. Rb3 Qc1 45. Rb7 Bxb7 46. axb7 Bxe3 47. Bxe3 Qxc2+ 48. Ke1 Qb1+ 49. Kd2 Qxb7 50. Bd5 Qb2+ 51. Kd3 a6 52. f4 f6 53. Bc4 Qb1+ 54. Kd2 Qxe4 55. Bxa6 Qb4+ 56. Ke2 exf4 57. Bxf4 Qb2+ 58. Bd2 Qe5+ 0-1